| 000 | 00433nab a2200145Ia 4500 | ||
|---|---|---|---|
| 003 | ES-SlBCS | ||
| 005 | 20210601124320.0 | ||
| 008 | 140529s1989 xxu||||| |||| 00| 0 eng d | ||
| 041 | _aeng | ||
| 100 | 1 |
_aBlits, Jan H. _9139487 |
|
| 245 | 0 | 0 |
_aSelf-Knowledge and the Modern Mode of Learning _c Jan H. Blits |
| 650 | 0 | 4 |
_aAprendizaje _999260 |
| 773 | 0 |
_tEducational Theory _gvol. 39, nº. 4, 1989, págs. 293-300 _wRev1399 |
|
| 942 | _cAR | ||
| 999 |
_c512801 _d512801 |
||